000 00729nam a2200265Ia 4500
003 OSt
005 20221006153055.0
006 a|||||r|||| 00| 0
007 ta
008 221006b |||||||| |||| 00| 0 kor d
020 _a9788975990922
_cW12,000
024 _a31,213
037 _bGift, Korea Foundatoin
_cTextual
040 _aEASL
_cEASL
_bkor
041 _2kor
_akor
082 _aN495, P1
100 _aCHUNG So-young Au.
_9662406
245 0 _aMuyong Bokoun Tongkyaehak
260 _aDaejon
_bChungnam University Korea
_c2001
300 _a260p.
_ccm.
490 _v KL
650 _aKL
942 _hN495, P1
_cTEXL
_2CC
999 _c1099299
_d1099299